[Event "Cracovia 2008 op A"]
[Site "Krakow"]
[Date "2008.12.29"]
[Round "3.37"]
[White "Starczewska, Dominika"]
[Black "Shilov, Sergej"]
[Result "1/2-1/2"]
[WhiteElo "1842"]
[BlackElo "2229"]
[PlyCount "90"]
[EventDate "2008.??.??"]

1. e4 e5 2. Nf3 Nc6 3. Bb5 f5 4. Nc3 fxe4 5. Nxe4 d5 6. Nxe5 dxe4 7. Nxc6 Qg5
8. Qe2 Nf6 9. f4 Qh4+ 10. g3 Qh3 11. Ne5+ c6 12. Bc4 Be6 13. Bxe6 Qxe6 14. Qc4
Qd5 15. Qxd5 cxd5 16. b3 Rc8 17. Kd1 Bd6 18. Bb2 O-O 19. h3 Rc7 20. Rf1 Nh5 21.
Rg1 Bc5 22. Rg2 d4 23. a3 g5 24. b4 Bb6 25. c4 dxc3 26. Bxc3 e3 27. Ng4 Rd8 28.
Nf6+ Nxf6 29. Bxf6 Rxd2+ 30. Rxd2 exd2 31. Kxd2 gxf4 32. gxf4 Kf7 33. Be5 Rd7+
34. Ke2 Ke6 35. Rf1 Kf5 36. Rf3 Ke4 37. Rc3 Rd8 38. Rg3 h5 39. Rg5 Rd3 40. Rxh5
Rxa3 41. Rh8 Be3 42. Rd8 Ra2+ 43. Kd1 Rh2 44. Rd7 b5 45. Bb8 Rxh3 1/2-1/2

[Event "Cracovia 2008 op A"]
[Site "Krakow"]
[Date "2008.12.29"]
[Round "3.38"]
[White "Sliwerski, Radoslaw"]
[Black "Kanarek, Marcel"]
[Result "0-1"]
[WhiteElo "2120"]
[BlackElo "2458"]
[PlyCount "130"]
[EventDate "2008.??.??"]

1. d4 Nf6 2. Nf3 g6 3. c4 Bg7 4. g3 O-O 5. Bg2 d6 6. Nc3 Nbd7 7. O-O e5 8. e4
c6 9. b3 Re8 10. h3 exd4 11. Nxd4 Nc5 12. Re1 Nfd7 13. Be3 a5 14. Rb1 Ne5 15.
Re2 f5 16. exf5 gxf5 17. Rd2 Qe7 18. Qh5 Ng6 19. Rbd1 Qf8 20. Nde2 Be5 21. Bd4
Ne6 22. f4 Nxd4 23. Nxd4 Bg7 24. Na4 Be6 25. Nf3 Rad8 26. Ng5 Bh6 27. Nxe6 Rxe6
28. Nc5 Re7 29. Kf1 Bg7 30. Qf3 Qf6 31. h4 Nh8 32. Bh3 Nf7 33. Qh5 Rde8 34. Na4
Re3 35. Kf2 Qg6 36. Qxg6 hxg6 37. h5 gxh5 38. Bxf5 Nh6 39. Bd7 Ng4+ 40. Bxg4
hxg4 41. Rxd6 Rf3+ 42. Kg1 Rxg3+ 43. Kh1 Kf7 44. Rd7+ Kg6 45. Rd8 Rh3+ 46. Kg1
Re4 47. Nc5 Rxf4 48. Rg8 Rf7 49. Ne6 Re3 50. Rxg7+ Rxg7 51. Nxg7 Kxg7 52. Rd7+
Kf6 53. Kf2 Re7 54. Rd6+ Ke5 55. Rg6 Kf4 56. Rg8 Rd7 57. Rf8+ Ke4 58. Rg8 Rd2+
59. Ke1 Rg2 60. Rg7 g3 61. a4 Rg1+ 62. Kd2 g2 63. Ke2 Rb1 64. Rg4+ Ke5 65. Rxg2
Rb2+ 0-1

[Event "Cracovia 2008 op A"]
[Site "Krakow"]
[Date "2008.12.29"]
[Round "3.39"]
[White "Kalvaitis, Sigitas"]
[Black "Kumor, Lukasz"]
[Result "1-0"]
[WhiteElo "2230"]
[BlackElo "2105"]
[PlyCount "107"]
[EventDate "2008.??.??"]

1. e4 e6 2. d4 d5 3. Nc3 Nf6 4. Bg5 Be7 5. e5 Nfd7 6. h4 O-O 7. Qg4 f5 8. Qg3
c5 9. dxc5 Nxc5 10. O-O-O Nc6 11. f4 a6 12. Bc4 Qe8 13. Rxd5 exd5 14. Nxd5 Be6
15. Bxe7 Nxe7 16. Nc7 Qc6 17. Nxe6 Nxe6 18. Qb3 Qxg2 19. Bxe6+ Kh8 20. Qf3 Qxf3
21. Nxf3 Ng6 22. Ng5 h6 23. Nf7+ Kh7 24. Ng5+ hxg5 25. hxg5+ Nh4 26. Rxh4+ Kg6
27. Bd7 Rf7 28. e6 Re7 29. c4 Rd8 30. Kc2 Rdxd7 31. exd7 Rxd7 32. Kc3 Rd1 33.
b4 Kf7 34. a4 Ke7 35. a5 Ke6 36. Rh8 Kd7 37. Rg8 Rf1 38. Rxg7+ Kc6 39. Rg6+ Kc7
40. Kd4 Rxf4+ 41. Kc5 Rg4 42. Rg7+ Kc8 43. b5 axb5 44. cxb5 Rg1 45. Kb6 f4 46.
Rg8+ Kd7 47. Kxb7 f3 48. a6 Ke7 49. a7 f2 50. a8=Q f1=Q 51. Qd8+ Ke6 52. Re8+
Kf5 53. Rf8+ Ke6 54. Rxf1 1-0

[Event "Cracovia 2008 op A"]
[Site "Krakow"]
[Date "2008.12.29"]
[Round "3.40"]
[White "Musialkiewicz, Jan"]
[Black "Galyga, Zbigniew"]
[Result "0-1"]
[WhiteElo "2117"]
[BlackElo "2204"]
[PlyCount "64"]
[EventDate "2008.??.??"]

1. e4 c6 2. d4 d5 3. exd5 cxd5 4. c4 Nf6 5. Nc3 Nc6 6. Nf3 Be6 7. c5 a6 8. Bd3
g6 9. Qb3 Qc8 10. Na4 Nd7 11. Qc3 Bg7 12. Bf4 Bg4 13. Ne5 Ndxe5 14. Bxe5 Qe6
15. O-O Bxe5 16. dxe5 Qxe5 17. Qb3 O-O 18. Qxb7 Nd4 19. Rfe1 Qf4 20. Qxd5 Rad8
21. Qe4 Qg5 22. Qxe7 Qh6 23. Qe3 Qh5 24. Qe5 Qh6 25. Nc3 Rfe8 26. Qg3 Rxe1+ 27.
Rxe1 Qd2 28. Rb1 Bf5 29. Bxf5 Ne2+ 30. Kh1 Nxg3+ 31. hxg3 gxf5 32. Rd1 Qh6+ 0-1

[Event "Cracovia 2008 op A"]
[Site "Krakow"]
[Date "2008.12.29"]
[Round "3.41"]
[White "Hermanowicz, Dominika"]
[Black "Klekowski, Maciej"]
[Result "0-1"]
[WhiteElo "2084"]
[BlackElo "2201"]
[PlyCount "80"]
[EventDate "2008.??.??"]

1. e4 c5 2. Nf3 e6 3. c3 Nf6 4. e5 Nd5 5. d4 cxd4 6. cxd4 Nc6 7. Nc3 Nxc3 8.
bxc3 d6 9. exd6 Bxd6 10. Bd3 h6 11. Qe2 O-O 12. O-O Re8 13. Re1 e5 14. d5 Na5
15. Qc2 Bg4 16. Nd2 Bc5 17. h3 Bc8 18. c4 f5 19. Nb3 Nxb3 20. axb3 e4 21. Bf1
Qf6 22. Bd2 f4 23. Bc3 Qg6 24. Kh1 Bf5 25. b4 e3 26. Qb2 f3 27. fxe3 Bxe3 28.
Bd4 Bxd4 29. Qxd4 fxg2+ 30. Bxg2 Qg3 31. Rxe8+ Rxe8 32. d6 Be4 33. Bxe4 Qxh3+
34. Kg1 Qg4+ 35. Kh2 Rxe4 36. Qd5+ Kh8 37. Ra2 Qf4+ 38. Kg2 Qg4+ 39. Kh2 Re3
40. Rg2 Qh4+ 0-1

[Event "Cracovia 2008 op A"]
[Site "Krakow"]
[Date "2008.12.29"]
[Round "3.42"]
[White "Sadzikowski, Daniel"]
[Black "Nasuta, Grzegorz"]
[Result "1-0"]
[WhiteElo "2178"]
[BlackElo "2081"]
[PlyCount "23"]
[EventDate "2008.??.??"]

1. e4 e5 2. Nf3 Nc6 3. Bb5 a6 4. Ba4 f5 5. d4 exd4 6. e5 Bc5 7. O-O Nge7 8.
Nbd2 Ba7 9. Ng5 Nxe5 10. Ne6 b5 11. Nxd8 bxa4 12. Nf3 1-0

[Event "Cracovia 2008 op A"]
[Site "Krakow"]
[Date "2008.12.29"]
[Round "3.43"]
[White "Warakomska, Anna"]
[Black "Gawronski, Lukasz"]
[Result "1/2-1/2"]
[WhiteElo "2169"]
[BlackElo "2066"]
[PlyCount "38"]
[EventDate "2008.??.??"]

1. e4 c5 2. Nf3 Nc6 3. d4 cxd4 4. Nxd4 Nf6 5. Nc3 e5 6. Ndb5 d6 7. Bg5 a6 8.
Na3 b5 9. Nd5 Be7 10. Bxf6 Bxf6 11. c3 Bg5 12. Nc2 Rb8 13. Nce3 O-O 14. Bd3 Be6
15. O-O Ne7 16. Bc2 Bxe3 17. Nxe3 Qb6 18. Qf3 b4 19. cxb4 Qxb4 1/2-1/2

[Event "Cracovia 2008 op A"]
[Site "Krakow"]
[Date "2008.12.29"]
[Round "3.44"]
[White "Szromba, Krzysztof"]
[Black "Wierzbicka, Wiktoria"]
[Result "1-0"]
[WhiteElo "2158"]
[BlackElo "2056"]
[PlyCount "71"]
[EventDate "2008.??.??"]

1. d4 d5 2. c4 c6 3. e3 Nf6 4. Nf3 e6 5. Nbd2 Nbd7 6. Bd3 Be7 7. O-O O-O 8. e4
dxe4 9. Nxe4 Nxe4 10. Bxe4 Nf6 11. Bc2 b6 12. Qd3 g6 13. Bh6 Re8 14. Rad1 Bb7
15. Rfe1 Qc7 16. Ne5 Nd7 17. Bf4 Nxe5 18. Bxe5 Bd6 19. h4 Bxe5 20. Rxe5 f5 21.
Qe3 Qf7 22. c5 Rad8 23. Bb3 Bc8 24. Re1 f4 25. Qe4 bxc5 26. dxc5 Rd2 27. Qxc6
Bd7 28. Qf3 Rxb2 29. Qc3 Rxb3 30. axb3 Bc6 31. Qc4 Bd7 32. c6 Bc8 33. Qd4 Qf6
34. R5e4 Qxh4 35. Rxf4 Qe7 36. Qe5 1-0

[Event "Cracovia 2008 op A"]
[Site "Krakow"]
[Date "2008.12.29"]
[Round "3.45"]
[White "Vasylius, Kestutis"]
[Black "Moryc, Ignacy"]
[Result "1/2-1/2"]
[WhiteElo "2105"]
[BlackElo "2154"]
[PlyCount "72"]
[EventDate "2008.??.??"]

1. e4 c5 2. Nf3 Nc6 3. d4 cxd4 4. Nxd4 Nf6 5. Nc3 e5 6. Ndb5 d6 7. Bg5 a6 8.
Na3 b5 9. Bxf6 gxf6 10. Nd5 Bg7 11. Bd3 Ne7 12. Nxe7 Qxe7 13. c4 f5 14. Qf3
bxc4 15. Bxc4 Rb8 16. O-O O-O 17. Bb3 fxe4 18. Qxe4 Be6 19. Bxe6 Qxe6 20. b3 d5
21. Qe2 e4 22. Rad1 Rbd8 23. Qd2 f5 24. Rfe1 f4 25. f3 Qg6 26. Qc2 Rc8 27. Qb1
Qb6+ 28. Kh1 Qb4 29. Rxd5 Qxa3 30. Qxe4 Rce8 31. Qxe8 Rxe8 32. Rxe8+ Kf7 33.
Red8 Qxa2 34. R8d7+ Kg6 35. R5d6+ Kf5 36. h4 Qf2 1/2-1/2

[Event "Cracovia 2008 op A"]
[Site "Krakow"]
[Date "2008.12.29"]
[Round "3.46"]
[White "Skawinski, Arkadiusz"]
[Black "Drozdowski, Kacper"]
[Result "1/2-1/2"]
[WhiteElo "2154"]
[BlackElo "2039"]
[PlyCount "105"]
[EventDate "2008.??.??"]

1. e4 c5 2. c3 Nc6 3. d4 cxd4 4. cxd4 d5 5. exd5 Qxd5 6. Nf3 e6 7. Be2 Nf6 8.
O-O Be7 9. Nc3 Qd8 10. Be3 O-O 11. a3 Nd5 12. Ne4 Nf6 13. Bd3 Nxe4 14. Bxe4 Bf6
15. Qc2 h6 16. Rad1 Ne7 17. Ne5 Nd5 18. Bc1 Bd7 19. Qb3 Bc6 20. Nxc6 bxc6 21.
Qg3 Bg5 22. Bb1 Bxc1 23. Rxc1 Qb6 24. Qd3 Nf6 25. Qc3 Rfd8 26. Rfd1 Rd6 27. Rd2
Rad8 28. Rcd1 Qc7 29. h3 Qd7 30. Rd3 Qe7 31. Qe1 g6 32. Qe3 Kg7 33. Ba2 Qb7 34.
b4 Qb5 35. Rc1 e5 36. Bc4 exd4 37. Qe7 Qg5 38. Qxf7+ Kh8 39. Re1 R6d7 40. Re7
Rxe7 41. Qxe7 Nh5 42. Qxg5 hxg5 43. g3 Kg7 44. Rd1 Nf6 45. f3 Rd6 46. Kf2 Nd7
47. Re1 Kf6 48. f4 gxf4 49. gxf4 c5 50. Kf3 cxb4 51. axb4 Nb6 52. Bb3 Nd5 53.
Bxd5 1/2-1/2

[Event "Cracovia 2008 op A"]
[Site "Krakow"]
[Date "2008.12.29"]
[Round "3.47"]
[White "Andrzejewska, Anna"]
[Black "Machlowski, Slawomir"]
[Result "0-1"]
[WhiteElo "2030"]
[BlackElo "2154"]
[PlyCount "76"]
[EventDate "2008.??.??"]

1. e4 e6 2. d4 c5 3. Nf3 cxd4 4. Nxd4 Qb6 5. Nb3 Qc7 6. Bd3 Nf6 7. O-O a6 8.
Be3 d6 9. f4 Nbd7 10. c4 b6 11. Nc3 Bb7 12. Qf3 Be7 13. Rae1 h5 14. Kh1 h4 15.
Nd4 Nc5 16. Bc2 h3 17. g4 g6 18. g5 Nh5 19. Qxh3 O-O-O 20. Qg2 Ng7 21. Rf3 Kb8
22. Kg1 Rh7 23. Rh3 Nh5 24. Nde2 Rdh8 25. Ng3 f5 26. Nxh5 Rxh5 27. Rxh5 Rxh5
28. b4 Nxe4 29. Bxe4 fxe4 30. Qe2 d5 31. a3 Bd6 32. Rf1 dxc4 33. Na4 b5 34. Nc5
Bxc5 35. bxc5 Rh3 36. Bd4 Qd7 37. Be5+ Ka7 38. Bd6 e3 0-1

[Event "Cracovia 2008 op A"]
[Site "Krakow"]
[Date "2008.12.29"]
[Round "3.48"]
[White "Kopczyk, Daniel"]
[Black "Golek, Jagoda"]
[Result "1-0"]
[WhiteElo "2153"]
[BlackElo "2028"]
[PlyCount "85"]
[EventDate "2008.??.??"]

1. d4 e6 2. e4 d5 3. Nc3 Nf6 4. e5 Nfd7 5. f4 c5 6. Nf3 Nc6 7. Be3 a6 8. Qd2
Qc7 9. O-O-O cxd4 10. Nxd4 Nc5 11. Kb1 Bd7 12. Qf2 Nxd4 13. Bxd4 b5 14. f5 b4
15. fxe6 Bxe6 16. Ne2 Ne4 17. Qe3 Qc6 18. Nf4 Be7 19. Bd3 Nc5 20. Nh5 g6 21.
Nf6+ Bxf6 22. Bxc5 Be7 23. Bxe7 Kxe7 24. g4 Kd7 25. Rhf1 Kc7 26. Rf4 a5 27. Rc1
Qb6 28. Qf3 Rhf8 29. h4 Kd7 30. Rd1 Ke7 31. g5 Qc7 32. Qe3 Rab8 33. Rd4 Qc5 34.
Qf4 a4 35. Qf6+ Ke8 36. Be4 b3 37. cxb3 axb3 38. axb3 Rc8 39. b4 Qc7 40. Bd3
Qb6 41. Rxd5 Rc6 42. Bb5 Bf5+ 43. R1d3 1-0

[Event "Cracovia 2008 op A"]
[Site "Krakow"]
[Date "2008.12.29"]
[Round "3.49"]
[White "Turcheniac, Mariya"]
[Black "Markowski, Piotr"]
[Result "1/2-1/2"]
[WhiteElo "1979"]
[BlackElo "2145"]
[PlyCount "112"]
[EventDate "2008.??.??"]

1. e4 c5 2. Nf3 Nc6 3. d4 cxd4 4. Nxd4 Nf6 5. Nc3 e5 6. Ndb5 d6 7. Bg5 a6 8.
Na3 b5 9. Nd5 Be7 10. Bxf6 Bxf6 11. Nxf6+ Qxf6 12. c3 O-O 13. Qd3 Rd8 14. Be2
Bb7 15. O-O Ne7 16. Bf3 Qg5 17. Rad1 f5 18. c4 Ng6 19. g3 Kh8 20. b3 b4 21. Nc2
fxe4 22. Bxe4 Nf4 23. Qe3 Nh3+ 24. Kg2 Qxe3 25. Nxe3 Bxe4+ 26. Kxh3 Bf3 27. Rd2
g6 28. g4 Ra7 29. Kg3 Rf7 30. Nc2 a5 31. Ne1 Bb7 32. f4 h5 33. h4 Bc8 34. g5
Bb7 35. Nd3 Rdf8 36. Rdf2 e4 37. Nb2 d5 38. cxd5 Bxd5 39. Rd2 Bb7 40. Rd6 Rc7
41. Nc4 a4 42. Rc1 axb3 43. axb3 e3 44. Ne5 e2 45. Re1 Rc3+ 46. Kh2 Be4 47.
Rxe2 Rxf4 48. Nxg6+ Bxg6 49. Rxg6 Rxh4+ 50. Kg2 Rxb3 51. Re8+ Kh7 52. Reg8 Rg4+
53. Kh2 Rb2+ 54. Kh3 Rb3+ 55. Kh2 Rh4+ 56. Kg2 Rg4+ 1/2-1/2

[Event "Cracovia 2008 op A"]
[Site "Krakow"]
[Date "2008.12.29"]
[Round "3.50"]
[White "Wisniowska, Klaudia"]
[Black "Kuciel, Wladyslaw"]
[Result "0-1"]
[WhiteElo "1988"]
[BlackElo "2142"]
[PlyCount "92"]
[EventDate "2008.??.??"]

1. e4 c5 2. Nf3 d6 3. d4 cxd4 4. Nxd4 Nf6 5. Nc3 a6 6. Be3 e5 7. Nb3 Be6 8. f3
Be7 9. Qd2 Qc7 10. O-O-O Nbd7 11. g4 h6 12. h4 Nb6 13. Kb1 O-O-O 14. Qf2 Nfd7
15. Nd5 Bxd5 16. exd5 Kb8 17. f4 exf4 18. Bxf4 Nf6 19. Qf3 Nfd7 20. Bg2 Nc4 21.
Nd4 Bf6 22. Qb3 Ndb6 23. Bc1 Qc5 24. Nf5 Rde8 25. Ng3 Ne3 26. Ne4 Rxe4 27. Bxe4
Nxd1 28. Rxd1 Nc4 29. Qd3 Bxh4 30. Rh1 Bd8 31. g5 h5 32. Qf3 Ne5 33. Qe2 g6 34.
Be3 Qb4 35. Bd2 Qa4 36. b3 Qd7 37. Bg2 Bb6 38. Bc3 Re8 39. Qd2 Ng4 40. Bh3 Be3
41. Bxg4 Qxg4 42. Qe1 Qxg5 43. Rh3 Qg1 44. Qxg1 Bxg1 45. Bb4 Bc5 46. Bc3 Re3
0-1

[Event "Cracovia 2008 op A"]
[Site "Krakow"]
[Date "2008.12.29"]
[Round "3.51"]
[White "Muc, Marcin"]
[Black "Sowul, Bartosz"]
[Result "1-0"]
[WhiteElo "2139"]
[BlackElo "2000"]
[PlyCount "61"]
[EventDate "2008.??.??"]

1. d4 Nf6 2. Nf3 g6 3. g3 Bg7 4. Bg2 O-O 5. O-O d6 6. c4 Nbd7 7. Nc3 e5 8. e4
exd4 9. Nxd4 Re8 10. Re1 a6 11. h3 Rb8 12. Be3 Ne5 13. Qe2 c5 14. Nc2 Be6 15.
b3 b5 16. f4 Ned7 17. Qd3 bxc4 18. bxc4 Nb6 19. Na3 Nh5 20. Kh2 f5 21. Rac1 Qd7
22. Bf2 Kh8 23. exf5 gxf5 24. Red1 Na4 25. Nxa4 Qxa4 26. Be1 Nf6 27. Rb1 Ne4
28. Rb3 Rxb3 29. Qxb3 Qxb3 30. axb3 Ra8 31. Rd3 1-0

[Event "Cracovia 2008 op A"]
[Site "Krakow"]
[Date "2008.12.29"]
[Round "3.52"]
[White "Gluszko, Monika"]
[Black "Tofil, Borys"]
[Result "0-1"]
[WhiteElo "1901"]
[BlackElo "2132"]
[PlyCount "68"]
[EventDate "2008.??.??"]

1. e4 c5 2. Nf3 e6 3. d4 cxd4 4. Nxd4 Nf6 5. Nc3 d6 6. Be2 a6 7. O-O Be7 8. Be3
O-O 9. f4 Qc7 10. Qe1 b5 11. Bf3 Bb7 12. e5 dxe5 13. Bxb7 Qxb7 14. fxe5 Nfd7
15. Qg3 Qc7 16. Qf3 Nb6 17. Bf4 Bc5 18. Nce2 Nc6 19. Qe4 Rad8 20. c3 Nc4 21.
Kh1 Bxd4 22. cxd4 Nxb2 23. Rf3 Ne7 24. Bg5 Rc8 25. Qh4 Nf5 26. Qg4 Qc2 27. Rh3
Nd1 28. Qf3 Rc4 29. Rc1 Nxd4 30. Nxd4 Nf2+ 31. Kg1 Nxh3+ 32. Qxh3 Qe4 33. Nf3
Rxc1+ 34. Bxc1 Qb1 0-1

[Event "Cracovia 2008 op A"]
[Site "Krakow"]
[Date "2008.12.29"]
[Round "3.53"]
[White "Czarnecki, Wojciech"]
[Black "Iwanow, Anna"]
[Result "1-0"]
[WhiteElo "2132"]
[BlackElo "1961"]
[PlyCount "61"]
[EventDate "2008.??.??"]

1. d4 Nf6 2. Nf3 g6 3. g3 Bg7 4. Bg2 O-O 5. O-O d6 6. c4 Nbd7 7. Nc3 c6 8. b4
a5 9. b5 Qc7 10. Bb2 cxb5 11. cxb5 Nb6 12. Rc1 Bd7 13. Nd2 Rac8 14. Qb3 Qb8 15.
h3 Nh5 16. Nd5 Nxd5 17. Qxd5 b6 18. a4 Be6 19. Qb7 Qxb7 20. Bxb7 Rxc1 21. Rxc1
Bh6 22. e3 Nxg3 23. Kg2 Nf5 24. d5 Bd7 25. Rc7 Rd8 26. Nc4 Bg7 27. Bxg7 Nxg7
28. Nxb6 Bf5 29. Bc6 Be4+ 30. f3 Bc2 31. Rc8 1-0

[Event "Cracovia 2008 op A"]
[Site "Krakow"]
[Date "2008.12.29"]
[Round "3.54"]
[White "Goslawski, Michal"]
[Black "Sroka, Janusz"]
[Result "1-0"]
[WhiteElo "1902"]
[BlackElo "2129"]
[PlyCount "75"]
[EventDate "2008.??.??"]

1. d4 Nf6 2. Nf3 d6 3. c4 g6 4. Nc3 Bg7 5. e4 O-O 6. Be2 e5 7. d5 Nbd7 8. O-O
Nc5 9. Qc2 a5 10. Bg5 h6 11. Be3 Nh5 12. Rfe1 b6 13. a3 f5 14. Nd2 Nf6 15. b4
axb4 16. axb4 Rxa1 17. Rxa1 Ncxe4 18. Ncxe4 Nxe4 19. Nxe4 fxe4 20. Ra8 Qf6 21.
c5 bxc5 22. bxc5 Bb7 23. Rxf8+ Qxf8 24. c6 Bc8 25. Qxe4 Bf5 26. Qb4 Qa8 27. h3
Bc8 28. g4 g5 29. Bd3 Kf8 30. Kg2 Ke7 31. Qe4 Qa5 32. Kh2 Kf8 33. Qf3+ Ke7 34.
Bg6 Bf6 35. h4 e4 36. Bxe4 Be5+ 37. Kg2 Qe1 38. Bg6 1-0

[Event "Cracovia 2008 op A"]
[Site "Krakow"]
[Date "2008.12.29"]
[Round "3.55"]
[White "Muter, Donny"]
[Black "Ogonowska, Katarzyna"]
[Result "1-0"]
[WhiteElo "2190"]
[BlackElo "1880"]
[PlyCount "105"]
[EventDate "2008.??.??"]

1. d4 f5 2. Bg5 h6 3. Bh4 Nf6 4. Bxf6 exf6 5. e3 g6 6. Bd3 d5 7. g4 fxg4 8.
Bxg6+ Ke7 9. Ne2 f5 10. h3 Qd6 11. Bh5 Rg8 12. Nbc3 Nd7 13. hxg4 fxg4 14. Ng3
Nf6 15. Qd2 Be6 16. Bg6 c6 17. O-O-O Kd8 18. Nce2 Kc7 19. Nf4 Rd8 20. Rh4 Kb8
21. Rdh1 Qd7 22. Qe2 h5 23. Bd3 a5 24. a3 Qc8 25. c3 Bd7 26. Qc2 c5 27. Ngxh5
Nxh5 28. Rxh5 cxd4 29. cxd4 Qxc2+ 30. Kxc2 Bc6 31. Kd2 Rd6 32. Rg1 Rf6 33. Rf5
Rd6 34. Be2 Be7 35. Rf7 Bh4 36. Rxg4 Rxg4 37. Bxg4 Bxf2 38. Nxd5 Bxd5 39. Rxf2
Rb6 40. Kc1 Be4 41. Bd1 Rc6+ 42. Kd2 Rb6 43. Ke1 Ra6 44. Rf4 Bg6 45. e4 Rb6 46.
Ba4 Rxb2 47. Be8 Bxe8 48. Rf8 Rb3 49. Rxe8+ Kc7 50. Re7+ Kd6 51. Re8 Rxa3 52.
Kd2 a4 53. Rh8 1-0

[Event "Cracovia 2008 op A"]
[Site "Krakow"]
[Date "2008.12.29"]
[Round "3.56"]
[White "Kucypera, Malgorzata"]
[Black "Kielczewski, Krzysztof"]
[Result "0-1"]
[WhiteElo "2111"]
[BlackElo "2185"]
[PlyCount "64"]
[EventDate "2008.??.??"]

1. e4 c5 2. Nf3 g6 3. d4 Bg7 4. c3 cxd4 5. Nxd4 d5 6. Bb5+ Kf8 7. O-O a6 8. Ba4
b5 9. Bb3 Bb7 10. Qf3 Bxd4 11. cxd4 e6 12. Bf4 dxe4 13. Qg3 Nc6 14. Bd6+ Kg7
15. d5 exd5 16. Bxd5 Nf6 17. Rd1 Re8 18. Nc3 Nh5 19. Qh3 Qxd6 20. Bxf7 Nf4 21.
Qg4 h5 22. Rxd6 hxg4 23. Bxe8 Rxe8 24. Rad1 Re7 25. Rd7 Nd3 26. Rd6 Nxb2 27.
Nd5 Rf7 28. Re1 Nc4 29. Re6 Nd4 30. R6xe4 Nf3+ 31. gxf3 Bxd5 32. Rxg4 Nd2 0-1

[Event "Cracovia 2008 op A"]
[Site "Krakow"]
[Date "2008.12.29"]
[Round "3.57"]
[White "Motor, Marta"]
[Black "Englert, Jan"]
[Result "1-0"]
[WhiteElo "2065"]
[BlackElo "2162"]
[PlyCount "55"]
[EventDate "2008.??.??"]

1. e4 e5 2. Nf3 d6 3. d4 exd4 4. Nxd4 Nf6 5. Nc3 Be7 6. Be2 O-O 7. O-O Re8 8.
f4 c5 9. Nb3 Bf8 10. Bf3 a6 11. Re1 Nc6 12. Be3 Qc7 13. g4 Ne7 14. Bf2 Nd7 15.
Bg3 Nc6 16. Nd5 Qd8 17. c3 Nb6 18. Qc2 Nxd5 19. exd5 Rxe1+ 20. Rxe1 Nb8 21. Qe4
Nd7 22. Qe8 Qxe8 23. Rxe8 f5 24. Re2 Kf7 25. Bh4 Nf6 26. g5 Nd7 27. Na5 Be7 28.
g6+ 1-0

[Event "Cracovia 2008 op A"]
[Site "Krakow"]
[Date "2008.12.29"]
[Round "3.58"]
[White "Kupczyk, Edyta"]
[Black "Pipala, Janusz"]
[Result "1-0"]
[WhiteElo "2123"]
[BlackElo "2086"]
[PlyCount "75"]
[EventDate "2008.??.??"]

1. e4 e5 2. Nf3 Nc6 3. d4 exd4 4. Bc4 Nf6 5. e5 d5 6. Bb5 Ne4 7. Nxd4 Bd7 8.
Bxc6 bxc6 9. O-O Bc5 10. f3 Ng5 11. Be3 Qe7 12. f4 Ne4 13. Nd2 f5 14. Nxe4 fxe4
15. Qh5+ g6 16. Qh6 Bb6 17. c3 c5 18. Nb3 a5 19. Bf2 a4 20. Nd2 Qf8 21. Qh4 h5
22. c4 c6 23. b4 Bf5 24. cxd5 cxd5 25. Rac1 d4 26. Nc4 Bd8 27. Qg3 h4 28. Qa3
cxb4 29. Qb2 e3 30. Nd6+ Kd7 31. Qxd4 exf2+ 32. Rxf2 Ra6 33. Nxf5+ Ke8 34. Nd6+
Ke7 35. Qxb4 Rb6 36. Qxa4 Ke6 37. Qc4+ Kd7 38. Nf7 1-0

[Event "Cracovia 2008 op A"]
[Site "Krakow"]
[Date "2008.12.29"]
[Round "3.59"]
[White "Swiech, Przemyslaw"]
[Black "Baumann, Dariusz"]
[Result "0-1"]
[WhiteElo "2119"]
[BlackElo "2074"]
[PlyCount "60"]
[EventDate "2008.??.??"]

1. d4 Nf6 2. c4 g6 3. Nc3 Bg7 4. e4 d6 5. Nf3 O-O 6. h3 e5 7. d5 Nh5 8. Be3 f5
9. exf5 gxf5 10. Nxe5 f4 11. Bd2 Qe8 12. Be2 Qxe5 13. O-O Nf6 14. Bf3 Qg5 15.
Qc1 Bxh3 16. Bxf4 Qg6 17. Bg3 Bg4 18. Bxg4 Nxg4 19. Ne2 Be5 20. f4 Bg7 21. Rf3
Nd7 22. Qf1 Qh5 23. Qd1 Rae8 24. f5 Rxe2 25. Qxe2 Bd4+ 26. Rf2 Re8 27. Qd2 Be3
28. Qc3 Ndf6 29. Re1 Ne4 30. Rxe3 Nxc3 0-1

[Event "Cracovia 2008 op A"]
[Site "Krakow"]
[Date "2008.12.29"]
[Round "3.60"]
[White "Chrzaszcz, Malvina"]
[Black "Hansen, Victor"]
[Result "0-1"]
[WhiteElo "2010"]
[BlackElo "2112"]
[PlyCount "84"]
[EventDate "2008.??.??"]

1. e4 c6 2. d4 d5 3. Nc3 dxe4 4. Nxe4 Bf5 5. Ng3 Bg6 6. Nf3 Nd7 7. Bd3 Ngf6 8.
O-O e6 9. Re1 Bd6 10. c4 Qc7 11. b3 O-O-O 12. a4 Bb4 13. Bd2 Bxd2 14. Qxd2 c5
15. Bxg6 hxg6 16. Qb2 cxd4 17. Nxd4 Nc5 18. Nb5 Qb8 19. Red1 a6 20. Nd4 e5 21.
Nf3 Nd3 22. Qc3 e4 23. Ng5 Qf4 24. Qd2 Qh4 25. h3 Nf4 26. Qa5 e3 27. Qc5+ Kb8
28. Qe5+ Ka8 29. Nxf7 exf2+ 30. Kxf2 Rde8 31. Qb2 Re2+ 32. Qxe2 Nxe2 33. Nxh8
Nxg3 34. Nxg6 Nfe4+ 35. Ke3 Qf6 36. Nf4 Qb6+ 37. Kf3 Qf2+ 38. Kg4 g5 39. Rd8+
Ka7 40. Rf8 gxf4 41. Rxf4 Qe2+ 42. Rf3 Qb2 0-1

[Event "Cracovia 2008 op A"]
[Site "Krakow"]
[Date "2008.12.29"]
[Round "4.1"]
[White "Sharapov, Evgeny"]
[Black "Gajewski, Grzegorz"]
[Result "1/2-1/2"]
[WhiteElo "2427"]
[BlackElo "2577"]
[PlyCount "68"]
[EventDate "2008.??.??"]

1. e4 c5 2. Nf3 e6 3. d4 cxd4 4. Nxd4 a6 5. Bd3 Bc5 6. Nb3 Ba7 7. O-O d6 8. Qe2
Ne7 9. c4 e5 10. Be3 Bxe3 11. Qxe3 Be6 12. Nc3 Nd7 13. Rfd1 Qb6 14. Qxb6 Nxb6
15. Na5 O-O-O 16. b4 Kb8 17. c5 Rc8 18. Bxa6 bxa6 19. Rxd6 Na8 20. Nd5 Rhe8 21.
Nxe7 Rxe7 22. Nc6+ Rxc6 23. Rxc6 Rb7 24. a3 Nc7 25. Rd1 Ka7 26. a4 Bb3 27. Ra1
Kb8 28. Rb6 Ka7 29. Ra3 Bc2 30. Rxb7+ Kxb7 31. f3 Kc6 32. Ra2 Bb3 33. Ra3 Bc2
34. Ra2 Bb3 1/2-1/2

[Event "Cracovia 2008 op A"]
[Site "Krakow"]
[Date "2008.12.29"]
[Round "4.2"]
[White "Pedersen, Nicolai Vesterbaek"]
[Black "Swiercz, Dariusz"]
[Result "0-1"]
[WhiteElo "2417"]
[BlackElo "2478"]
[PlyCount "118"]
[EventDate "2008.??.??"]

1. d4 f5 2. Nc3 Nf6 3. Bg5 d5 4. Bxf6 exf6 5. e3 Be6 6. Qf3 Nc6 7. Bb5 Qd6 8.
Nge2 O-O-O 9. Nf4 Bf7 10. h4 h5 11. Nd3 g6 12. a3 Kb8 13. b4 Ne7 14. Ba4 Nc8
15. Bb3 c6 16. a4 Qc7 17. O-O Nd6 18. Nc5 Ne4 19. N3xe4 dxe4 20. Qh3 Bxb3 21.
cxb3 Bxc5 22. bxc5 f4 23. b4 g5 24. hxg5 fxg5 25. Qf5 Qe7 26. b5 Rdf8 27. Qg6
Rhg8 28. Qd6+ Qxd6 29. cxd6 cxb5 30. axb5 Rg6 31. Rac1 Rxd6 32. Rc5 Rdf6 33.
exf4 Rxf4 34. Rxg5 R4f5 35. Rxf5 Rxf5 36. Rb1 Rd5 37. Rb4 Kc7 38. b6+ axb6 39.
Kf1 b5 40. Ke2 Kb6 41. Ke3 Ka5 42. Rb1 Rf5 43. Rb2 b4 44. Kxe4 Rf8 45. Ra2+ Kb5
46. Kd3 b6 47. d5 Rc8 48. Rb2 Ka4 49. Ra2+ Kb5 50. Rb2 Rc1 51. d6 Rc6 52. Rd2
Rxd6+ 53. Kc2 b3+ 54. Kc3 Rxd2 55. Kxd2 Kb4 56. Kc1 h4 57. Kb2 Kc4 58. Kc1 Kc3
59. Kb1 b2 0-1

[Event "Cracovia 2008 op A"]
[Site "Krakow"]
[Date "2008.12.29"]
[Round "4.3"]
[White "Piorun, Kacper"]
[Black "Majdan, Joanna"]
[Result "1-0"]
[WhiteElo "2472"]
[BlackElo "2284"]
[PlyCount "69"]
[EventDate "2008.??.??"]

1. e4 c5 2. c3 Nf6 3. e5 Nd5 4. d4 cxd4 5. Nf3 Nc6 6. Bc4 Nb6 7. Bb3 d6 8. exd6
Qxd6 9. O-O Bf5 10. Nxd4 Nxd4 11. cxd4 e6 12. Nc3 Be7 13. Qf3 O-O 14. d5 Rfd8
15. dxe6 Bxe6 16. Qxb7 Bc4 17. Re1 Bf8 18. Bg5 Rdc8 19. Bxc4 Nxc4 20. b3 Na3
21. Rac1 h6 22. Ne4 Qb6 23. Qxc8 Rxc8 24. Rxc8 hxg5 25. Ng3 Nb5 26. Ree8 Nd6
27. Rxf8+ Kh7 28. Rcd8 Qc6 29. h4 Qc1+ 30. Nf1 Qc5 31. h5 g6 32. Rh8+ Kg7 33.
h6+ Kf6 34. Rxd6+ Qxd6 35. Rg8 1-0